Statistics for Chile City by Landmark

Click here to take the quiz!

General Stats

  • This quiz has been taken 54 times
  • The average score is 8 of 15

Answer Stats

Answer% Correct
Santiago
97%
Valparaíso
97%
Antofagasta
76%
La Serena
76%
Puerto Montt
74%
Arica
68%
Concepción
62%
Iquique
59%
Chillán
47%
Punta Arenas
44%
Osorno
32%
Talca
32%
Temuco
29%
Copiapó
26%
Coyhaique
24%

Score Distribution

Percentile by Number Answered

Percent of People with Each Score

Your Score History

You have not taken this quiz